KRAJE, W KTÓRYCH NADAL PANUJE MONARCHIA: - Statystyki

Ogólne statystyki
  • Ten quiz został rozwiązany 93 razy
  • Średni wynik to 3 z 5
Statystyki odpowiedzi
Odpowiedź % Poprawnych
WIELKA BRYTANIA
94%
HISZPANIA
77%
MONAKO
44%
JAPONIA
32%
WATYKAN
27%
Nie znaleziono quizów pasujących do podanych kryteriów
Rozkład punktacji
Procent ludzi z każdym wynikiem
Percentyl według liczby udzielonych odpowiedzi
Twoja historia wyników
Nie rozwiązałeś tego quizu